000
00283nam a22001337a 4500
008
170531b xxu||||| |||| 00| 0 eng d
020
_a
9780130862617
041
_a
eng
080
_a
93
100
_a
17
101
_a
SHH
245
_a
THE HUMANITIES
_c
SAYRE, H.M
942
_2
udc
_c
BK
999
_c
15179
_d
15179